Complete the geographical name (2) - Statistics

General Stats
  • This quiz has been taken 121 times
  • The average score is 10 of 20
Answer Stats
Hint Explanation Answer % Correct
Vilni Lithuania us
79%
Lom Italian region bardy
72%
Port Mauritius Louis
71%
Maurit ius
70%
Alb ania
69%
Tr Manchester afford
66%
Nag Japan ano
62%
Po land
60%
Rio Cua Argentine city rto
54%
Mal i
53%
Rom Italy e
48%
Roan Virginia oke
44%
Irvin Texas g
42%
Cape St Portugal Vincent
41%
Pu India ne
40%
Oce California anside
36%
Cas Italy erta
34%
St Utah George
28%
Fin Scotland dhorn
23%
Pl Scotland ockton
20%
No matching quizzes found
Score Distribution
Percent of People with Each Score
Percentile by Number Answered
Your Score History
You have not taken this quiz